Le son : Ouïr, écouter, observer (notice n° 1567622)

détails MARC
000 -LEADER
fixed length control field 01449cam a2200133 4500500
005 - DATE AND TIME OF LATEST TRANSACTION
control field 20251214003231.0
041 ## - LANGUAGE CODE
Language code of text/sound track or separate title fre
042 ## - AUTHENTICATION CODE
Authentication code dc
100 10 - MAIN ENTRY--PERSONAL NAME
Personal name Chion, Michel
Relator term author
245 00 - TITLE STATEMENT
Title Le son : Ouïr, écouter, observer
260 ## - PUBLICATION, DISTRIBUTION, ETC.
Name of publisher, distributor, etc. Armand Colin,<br/>
Date of publication, distribution, etc. 2018.<br/>
520 ## - SUMMARY, ETC.
Summary, etc. Depuis sa première édition en 1998, ce livre est devenu un texte de référence, traduit en plusieurs langues. Dans cette nouvelle édition revue et actualisée, Michel Chion propose à la fois un état des lieux sur l’acoustique, la musique, la psychologie de l’écoute, et un texte-bilan. Prolongeant la démarche de Pierre Schaeffer qui a permis de penser et de décrire les sons comme des objets, il présente les grandes lignes d’une discipline nouvelle, l’acoulogie, où le son n’est plus seulement le symbole d’une harmonie perdue ou d’un «  continent noir  » de la perception, mais aussi un objet culturel à construire par des techniques d’écoute et par une exigence de nomination. Riche en ouvertures, réflexions et concepts originaux, cet essai synthétique vise à mettre en valeur la complexité des objets sonores et leurs mutations à travers les évolutions technologiques. Il nous invite à une observation attentive du sonore dans notre vie quotidienne, mais aussi dans la philosophie, la littérature, la musique, le cinéma.
856 41 - ELECTRONIC LOCATION AND ACCESS
Uniform Resource Identifier <a href="https://shs.cairn.info/le-son--9782200617158?lang=fr&redirect-ssocas=7080">https://shs.cairn.info/le-son--9782200617158?lang=fr&redirect-ssocas=7080</a>

Pas d'exemplaire disponible.

PLUDOC

PLUDOC est la plateforme unique et centralisée de gestion des bibliothèques physiques et numériques de Guinée administré par le CEDUST. Elle est la plus grande base de données de ressources documentaires pour les Étudiants, Enseignants chercheurs et Chercheurs de Guinée.

Adresse

627 919 101/664 919 101

25 boulevard du commerce
Kaloum, Conakry, Guinée

Réseaux sociaux

Powered by Netsen Group @ 2025